Comedy Actors by Picture - Statistics

General Stats
  • This quiz has been taken 350 times
  • The average score is 22 of 30
Answer Stats
Picture Answer % Correct
Jack Black
96%
Jim Carrey
95%
Adam Sandler
94%
Jennifer Anniston
90%
Charlie Chaplin
89%
Eddie Murphy
88%
Robin Williams
87%
Rowan Atkinson
85%
Will Ferrell
85%
Ben Stiller
83%
Danny DeVito
83%
Chris Rock
82%
Kevin Hart
80%
Owen Wilson
78%
Steve Carrell
76%
Paul Rudd
75%
Bill Murray
71%
Mike Myers
69%
Seth Rogen
68%
Steve Martin
68%
Jonah Hill
67%
Tim Allen
64%
Melissa McCarthy
60%
John Candy
59%
Sacha Baron Cohen
59%
Chevy Chase
58%
Leslie Nielsen
54%
John Belushi
49%
Kristen Wiig
39%
Rob Schneider
38%
No matching quizzes found
Score Distribution
Percent of People with Each Score
Percentile by Number Answered
Your Score History
You have not taken this quiz